000
00290nam a22001337a 4500
008
170126b xxu||||| |||| 00| 0 eng d
020
_a
0721616666
041
_a
eng
080
_a
61
100
_a
3
101
_a
SHM
245
_a
CECIL TEXTBOOK OF MEDICINE
_c
BEESON, P.B
942
_2
udc
_c
BK
999
_c
3824
_d
3824